Financial, economic and distributional analysis of dams in India: part of India case study for the world commission on dams (Record no. 492329)

000 -LEADER
fixed length control field 00476cam a22001217a 4500
008 - FIXED-LENGTH DATA ELEMENTS--GENERAL INFORMATION
fixed length control field 180718b2000 xxu||||| |||| 00| 0 eng d
082 ## - DEWEY DECIMAL CLASSIFICATION NUMBER
Classification number PROJ.REP. 2000/BAN
100 ## - MAIN ENTRY--PERSONAL NAME
Personal name Banerji, Pranab
245 ## - TITLE STATEMENT
Title Financial, economic and distributional analysis of dams in India: part of India case study for the world commission on dams
Statement of responsibility, etc. by Pranab Banerji
260 ## - PUBLICATION, DISTRIBUTION, ETC.
Place of publication, distribution, etc. New Delhi
Name of publisher, distributor, etc. Indian Institute of Public Administration
Date of publication, distribution, etc. 2000
300 ## - PHYSICAL DESCRIPTION
Extent 114p.
440 ## - SERIES STATEMENT/ADDED ENTRY--TITLE
Title IIPA Working Paper, 2000: 1
Holdings
Withdrawn status Lost status Damaged status Not for loan Permanent Location Current Location Date acquired Full call number Barcode Date last seen Price effective from Koha item type
        Indian Institute of Public Administration Indian Institute of Public Administration 2018-08-04 PROJ.REP. 2000/BAN GR16183 2018-08-04 2018-08-04 GR

Powered by Koha